01774cam a2200385 a 4500999001700000001000900017003000400026005001700030008004100047010001700088020001500105020001500120035002300135040001800158042001400176043002100190050002200211082003100233100002300264245009000287260010500377300004400482440004100526440004900567500026600616504006400882610005100946650003700997650006101034650005301095710003801148906004501186942003401231952012301265 c17271d1727111938662OSt20161123101821.0000311s1998 vaua bc 001 0 eng d a 00501463  a0879351861 a0963333194 a(OCoLC)ocm41075526 aVCWcVCWdDLC alccopycat ae-uk-enan-us-va00aNK9243b.E68 199800a746.44/0942/07475542522211 aEpstein, Kathleen.10aBritish embroidery :bcurious works from the seventeenth century /cKathleen Epstein. aWilliamsburg, Va. :bColonial Williamsburg Foundation ;aAustin, Tx. :bCurious Works Press,cc1998. ax, 109 p. :bill. (some col.) ;c28 cm. 0aWilliamsburg decorative arts series. 0aWallace Gallery decorative arts publication. a"This book was prepared in conjunction with the exhibit British embroidery: curious works from the seventeenth century, December 5, 1998, to September 6, 1999, at the DeWitt Wallace Gallery, the Colonial Williamsburg Foundation, Williamsburg, Va." --T.p. verso. aIncludes bibliographical references (p. 103-106) and index.20aColonial Williamsburg FoundationvExhibitions. 0aEmbroidery, StuartvExhibitions. 0aEmbroideryzEnglandxHistoryy17th centuryvExhibitions. 0aEmbroideryzVirginiazWilliamsburgvExhibitions.2 aColonial Williamsburg Foundation. a7bcbcccopycatd2encipf20gy-gencatlg 2lcccBOOKShNK 9243 .E68 1998 00102lcc4070aMUCbMUCcGENd2016-11-23eDonation (BFA)l0oNK 9243 .E68 1998p28154r2019-06-07w2016-11-23yBOOKS